| 000 | 003710000a22001570004500 | ||
|---|---|---|---|
| 003 | MACL | ||
| 005 | 20151229120138.0 | ||
| 008 | 151229b xxu||||| |||| 00| 0 eng d | ||
| 040 |
_aMACL _cMACL |
||
| 041 | _aEnglish | ||
| 082 | _a130/FOR | ||
| 100 |
_aMercier, Charls _923600 |
||
| 245 | _aSanity and Insanity | ||
| 650 |
_aPhilosophy _923601 |
||
| 942 |
_cBK _k130/FOR _2ddc |
||
| 999 |
_c37667 _d37667 |
||